Southville International School and Colleges
Your cart is empty.
  • Cart
  • Lists
    Public lists Eva Luna New books Lux_list list_1
    Your lists Log in to create your own lists
  • Log in to your account
  • Your cookies
  • Search history
Southville International School and Colleges
  • Advanced search
  • Recent comments
  • Most popular
  • Libraries

Log in to your account

Log in with GOOGLE


If you do not have an external account, but do have a local account, you can still log in:

  1. Home
  2. MARC view: Keys to investing in mutual funds /
Normal view MARC view ISBD view

Keys to investing in mutual funds / (Record no. 16604)

[ view plain ]
MARC details
000 -LEADER
fixed length control field 01047pam a2200337 a 4500
001 - CONTROL NUMBER
control field 2961008
003 - CONTROL NUMBER IDENTIFIER
control field OSt
005 - DATE AND TIME OF LATEST TRANSACTION
control field 20140310182830.0
008 - FIXED-LENGTH DATA ELEMENTS--GENERAL INFORMATION
fixed length control field 910822s1992 nyua 001 0 eng
010 ## - LIBRARY OF CONGRESS CONTROL NUMBER
LC control number 91030357
020 ## - INTERNATIONAL STANDARD BOOK NUMBER
International Standard Book Number 0812049209
040 ## - CATALOGING SOURCE
Original cataloging agency DLC
Transcribing agency DLC
Modifying agency DLC
050 00 - LIBRARY OF CONGRESS CALL NUMBER
Classification number HG 4530
Item number .B736 1992
082 00 - DEWEY DECIMAL CLASSIFICATION NUMBER
Classification number M 332.6627
Item number B65 1992
100 1# - MAIN ENTRY--PERSONAL NAME
Personal name Boroson, Warren.
9 (RLIN) 18757
245 10 - TITLE STATEMENT
Title Keys to investing in mutual funds /
Statement of responsibility, etc Boroson, Warren
250 ## - EDITION STATEMENT
Edition statement 2nd ed.
260 ## - PUBLICATION, DISTRIBUTION, ETC. (IMPRINT)
Place of publication, distribution, etc Hauppauge, N.Y. :
Name of publisher, distributor, etc Barron's Educational Series, Inc.
Date of publication, distribution, etc c1992.
300 ## - PHYSICAL DESCRIPTION
Extent 158 p. :
Other physical details ill. ;
Dimensions 18 cm.
440 #0 - SERIES STATEMENT/ADDED ENTRY--TITLE
Title Barron's business keys
9 (RLIN) 18758
500 ## - GENERAL NOTE
General note Includes index.
521 ## - TARGET AUDIENCE NOTE
Target audience note
526 ## - STUDY PROGRAM INFORMATION NOTE
Reading level 1210L-1700L
541 ## - IMMEDIATE SOURCE OF ACQUISITION NOTE
-- 1
562 ## - COPY AND VERSION IDENTIFICATION NOTE
Number of copies 1
650 #0 - SUBJECT ADDED ENTRY--TOPICAL TERM
Topical term or geographic name as entry element Mutual funds.
9 (RLIN) 18759
650 #0 - SUBJECT ADDED ENTRY--TOPICAL TERM
Topical term or geographic name as entry element Finance, Personal.
9 (RLIN) 10102
906 ## - LOCAL DATA ELEMENT F, LDF (RLIN)
a 7
b cbc
c orignew
d 1
e ocip
f 19
g y-gencatlg
942 ## - ADDED ENTRY ELEMENTS (KOHA)
Source of classification or shelving scheme Library of Congress Classification
Koha item type Books
Call number prefix
Holdings
Withdrawn status Lost status Source of classification or shelving scheme Damaged status Home library Current library Shelving location Date acquired Total Checkouts Total Renewals Full call number Barcode Date last seen Date checked out Copy number Price effective from Koha item type
    Library of Congress Classification   College Library College Library General Circulation Section 06/01/2013 3 22 HG 4530 .B736 1992 c1654 05/15/2018 12/05/2016 1 06/01/2013 Books

Keys to investing in mutual funds /

APA

Boroson W., . (1992). Keys to investing in mutual funds. Hauppauge, N.Y: Barron's Educational Series, Inc.

Chicago

Boroson Warren, . 1992. Keys to investing in mutual funds. Hauppauge, N.Y: Barron's Educational Series, Inc.

Harvard

Boroson W., . (1992). Keys to investing in mutual funds. Hauppauge, N.Y: Barron's Educational Series, Inc.

MLA

Boroson Warren, . Keys to investing in mutual funds. Hauppauge, N.Y: Barron's Educational Series, Inc. 1992.

  • Place hold
  • Print
  • Cite
  • Add to your cart (remove)
  • Save record
    BIBTEX Dublin Core MARCXML MARC (non-Unicode/MARC-8) MARC (Unicode/UTF-8) MARC (Unicode/UTF-8, Standard) MODS (XML) RIS
  • More searches
    Search for this title in:
    Other Libraries (WorldCat) Other Databases (Google Scholar) Online Stores (Bookfinder.com) Open Library (openlibrary.org)

Exporting to Dublin Core...

SOUTHVILLE LIBRARY

Southville International School and Colleges Library

1281 Tropical Ave. Cor. Luxembourg St., BF Homes International, Las Pinas City

Tel. No. 8256374 / 252358 Loc. 117/146

Powered by Koha